[Event "Lovsprings op 12th D"]
[Site "Ringsted"]
[Date "2001.03.09"]
[Round "2"]
[White "Hansen, Steen J"]
[Black "Mogensen, Soren"]
[Result "1-0"]
[WhiteElo "1275"]
[BlackElo "1206"]
[PlyCount "81"]
[EventDate "2001.03.02"]
[EventType "swiss"]
[EventRounds "7"]
[EventCountry "DEN"]
[SourceTitle "EXT 2023"]
[Source "ChessBase"]
[SourceDate "2022.10.05"]
[SourceVersion "1"]
[SourceVersionDate "2022.10.05"]
[SourceQuality "1"]

1. e4 c5 2. Nf3 Nc6 3. Bb5 Nf6 4. e5 Nd5 5. c4 Nb6 6. Nc3 Qc7 7. Bxc6 bxc6 8. b3 e6 9. a4 a5 10. Ba3 d5 11. cxd5 cxd5 12. Nb5 Qc6 13. Rc1 Ba6 14. Nfd4 Qc8 15. Qh5 Bxb5 16. Nxb5 Qc6 17. d4 c4 18. Bxf8 Kxf8 19. Nd6 Qd7 20. bxc4 Nxc4 21. Nb5 Qe7 22. 0-0 h6 23. Rfd1 Qg5 24. Qe2 Ke7 25. Rc3 g6 26. Rdc1 h5 27. h3 Rhd8 28. R1c2 Qh6 29. Rf3 Qg7 30. Rf6 Ra6 31. Rxc4 dxc4 32. Qxc4 Raa8 33. Qc5+ Ke8 34. Nc7+ Kd7 35. Nxa8 Rxa8 36. d5 Rc8 37. Qd6+ Ke8 38. dxe6 Rd8 39. exf7+ Qxf7 40. Qxd8+ Kxd8 41. Rxf7 1-0

[Event "Lovsprings op 12th D"]
[Site "Ringsted"]
[Date "2001.03.02"]
[Round "1"]
[White "Mogensen, Soren"]
[Black "Clausen, Thomas"]
[Result "1-0"]
[WhiteElo "1206"]
[BlackElo "1000"]
[PlyCount "55"]
[EventDate "2001.03.02"]
[EventType "swiss"]
[EventRounds "7"]
[EventCountry "DEN"]
[SourceTitle "EXT 2023"]
[Source "ChessBase"]
[SourceDate "2022.10.05"]
[SourceVersion "1"]
[SourceVersionDate "2022.10.05"]
[SourceQuality "1"]

1. e4 e5 2. Nf3 Nc6 3. Bc4 Bc5 4. d3 h6 5. Nc3 Nf6 6. h3 g5 7. Bb5 g4 8. hxg4 Nxg4 9. Be3 Bxe3 10. fxe3 Nxe3 11. Qe2 Nb4 12. Ba4 Ng4 13. a3 Nc6 14. 0-0-0 Qf6 15. Nd5 Qd6 16. Nh4 Ne7 17. Nxe7 Qxe7 18. Qxg4 Qg5+ 19. Qxg5 hxg5 20. Nf5 Rg8 21. Rh7 a6 22. Bb3 Rf8 23. Rdh1 d6 24. Rh8 Rxh8 25. Rxh8+ Kd7 26. Bxf7 b5 27. Be8+ Ke6 28. Rh6# 1-0

[Event "Lovsprings op 11th D"]
[Site "Ringsted"]
[Date "2000.05.05"]
[Round "6"]
[White "Pedersen, Jon"]
[Black "Mogensen, Soren"]
[Result "0-1"]
[WhiteElo "1100"]
[BlackElo "1100"]
[PlyCount "106"]
[EventDate "2000.03.24"]
[EventType "swiss"]
[EventRounds "7"]
[EventCountry "DEN"]
[SourceTitle "EXT 2023"]
[Source "ChessBase"]
[SourceDate "2022.10.05"]
[SourceVersion "1"]
[SourceVersionDate "2022.10.05"]
[SourceQuality "1"]

1. e4 c5 2. d4 cxd4 3. c3 d3 4. Bxd3 Nc6 5. Bf4 e5 6. Bg3 Bc5 7. Nf3 d6 8. Nbd2 Be6 9. Nb3 Bb6 10. 0-0 Qe7 11. Qd2 h6 12. Rfd1 Bc7 13. Nc1 a6 14. a4 a5 15. b4 axb4 16. cxb4 Qd7 17. Ne2 Bb3 18. Rdc1 Rxa4 19. Rxa4 Bxa4 20. Qc3 Nge7 21. Ra1 b5 22. Rc1 0-0 23. Ne1 Rb8 24. Nc2 Bb6 25. Na3 Bd4 26. Nxd4 Nxd4 27. Qc7 Qxc7 28. Rxc7 Rc8 29. Rxc8+ Nxc8 30. Kf1 Kf8 31. f3 Ne7 32. Bf2 Nec6 33. Bxd4 Nxd4 34. Ke1 Ke7 35. Kf2 Ke6 36. h3 Kd7 37. Ke3 Kc6 38. Kd2 Kb6 39. Ke3 Nc6 40. Nc2 Bxc2 41. Bxc2 Nxb4 42. Bb3 f6 43. Kd2 Kc5 44. Kc3 d5 45. exd5 Nxd5+ 46. Bxd5 Kxd5 47. Kb4 Kc6 48. g3 f5 49. g4 fxg4 50. hxg4 g6 51. Kc3 Kd5 52. Kd3 h5 53. Kc3 h4 0-1

[Event "Lovsprings op 11th D"]
[Site "Ringsted"]
[Date "2000.03.31"]
[Round "2"]
[White "Dinesen, Henrik"]
[Black "Mogensen, Soren"]
[Result "1-0"]
[WhiteElo "1104"]
[BlackElo "1100"]
[PlyCount "127"]
[EventDate "2000.03.24"]
[EventType "swiss"]
[EventRounds "7"]
[EventCountry "DEN"]
[SourceTitle "EXT 2023"]
[Source "ChessBase"]
[SourceDate "2022.10.05"]
[SourceVersion "1"]
[SourceVersionDate "2022.10.05"]
[SourceQuality "1"]

1. d4 d5 2. c4 e6 3. Nf3 Nc6 4. Nc3 Nf6 5. Bg5 Be7 6. e3 Ng8 7. Bf4 a6 8. Bd3 Bf6 9. 0-0 Nge7 10. a3 Bd7 11. b4 Ng6 12. Bxg6 fxg6 13. cxd5 exd5 14. Nxd5 Rc8 15. Rc1 Be6 16. Nc3 Bf7 17. Ne4 Be7 18. Nc5 Bxc5 19. Rxc5 0-0 20. Qc2 Qd7 21. Rd1 Bd5 22. e4 Rxf4 23. Rxd5 Qe7 24. Qc4 Kh8 25. Ne5 Nxe5 26. Rxe5 Qf8 27. f3 Qd6 28. Qe6 Qxe6 29. Rxe6 h6 30. Rxg6 Rd8 31. Re6 Rf7 32. d5 Rfd7 33. Kf2 Kg8 34. Ke3 Kf7 35. Re5 Kf6 36. Rf5+ Ke7 37. Kd4 g6 38. Re5+ Kf6 39. Re6+ Kf7 40. Ke5 Re7 41. Rxe7+ Kxe7 42. Rc1 Rc8 43. Kd4 Kd7 44. e5 Re8 45. f4 h5 46. Rc3 Rf8 47. Rf3 c6 48. d6 b6 49. Ke4 Ke6 50. h3 h4 51. g4 hxg3 52. Rxg3 Rg8 53. a4 c5 54. bxc5 bxc5 55. Rc3 Rc8 56. Rg3 Rg8 57. h4 c4 58. Rc3 Rh8 59. Rxc4 Rxh4 60. Kf3 Rh8 61. Kg4 Rg8 62. Kg5 Kd7 63. Rc7+ Kd8 64. e6 1-0